000 00528nam a22001697a 4500
008 130624t xxu||||| |||| 00| 0 eng d
020 _a978-2-298-4-71529-7
040 _aBUAC
_cCDIRSP
041 _aFr
100 _aCROUZILLES Carl
_924733
245 _aInfectiologie et hygiène
_b : gestion des risques et soins infirmiers
_c / Carl Crouzilles
300 _a212 p.
440 _a( Les essentiels en IFSI )
_924734
500 _aCompr. Index
700 _aSIEBERT Carole, NEURES LE Katy
_cCollect.
_924735
942 _cLIVR
999 _c51546
_d51546